Vatican Council ll : (Record no. 5824)

MARC details
000 -LEADER
fixed length control field 00596nam a22001937a 4500
003 - CONTROL NUMBER IDENTIFIER
control field OSt
005 - DATE AND TIME OF LATEST TRANSACTION
control field 20251119120358.0
008 - FIXED-LENGTH DATA ELEMENTS--GENERAL INFORMATION
fixed length control field 251119b |||||||| |||| 00| 0 eng d
020 ## - INTERNATIONAL STANDARD BOOK NUMBER
International Standard Book Number 971-590-330-4.
040 ## - CATALOGING SOURCE
Original cataloging agency DWCL-Main lib
Transcribing agency OC
082 ## - DEWEY DECIMAL CLASSIFICATION NUMBER
Classification number Circ. 282 V345 1982
100 ## - MAIN ENTRY--PERSONAL NAME
Personal name Flannery, Austin
245 ## - TITLE STATEMENT
Title Vatican Council ll :
Remainder of title more post conciliar documents, vol 2
Statement of responsibility, etc. Flannery, Austin
260 ## - PUBLICATION, DISTRIBUTION, ETC.
Place of publication, distribution, etc. Pasay City :
Name of publisher, distributor, etc. Paulines Pub. House,
Date of publication, distribution, etc. c1982.
300 ## - PHYSICAL DESCRIPTION
Extent xxi, 920 pages ;
Dimensions 19 cm.
504 ## - BIBLIOGRAPHY, ETC. NOTE
Bibliography, etc. note Includes index.
650 ## - SUBJECT ADDED ENTRY--TOPICAL TERM
Source of heading or term 1. Catholic church-Doctrine.
942 ## - ADDED ENTRY ELEMENTS (KOHA)
Source of classification or shelving scheme Dewey Decimal Classification
Koha item type Book Circulation
Call number prefix Circ.
Suppress in OPAC No
952 ## - LOCATION AND ITEM INFORMATION (KOHA)
--
952 ## - LOCATION AND ITEM INFORMATION (KOHA)
--
Holdings
Withdrawn status Lost status Source of classification or shelving scheme Damaged status Not for loan Home library Current library Shelving location Date acquired Source of acquisition Cost, normal purchase price Total Checkouts Full call number Barcode Date last seen Copy number Price effective from Koha item type Uniform Resource Identifier
    Dewey Decimal Classification     College Library College Library Circulation 08/07/2008 School Fund 300.00   Circ. 282 V345 1982 46090 11/19/2025 c1 11/19/2025 BK-CIRC
    Dewey Decimal Classification     College Library College Library Circulation 08/07/2008 School Fund 300.00   Circ. 282 V345 1982 46089 11/19/2025 c2 11/19/2025 BK-CIRC